00490 2200193 4500001002100000005001500021035002000036245004000056100002800096300003300124260003400157082000800191084001400199020001800213600001400231990001700245990001700262990001700279INLIS00000000000080520250313075551 a0010-03250000071 aIkan Asin /cAbbas Siregar Djarijah0 aDjarijah, Abbas Siregar a56 hlm :bilus ;c12 X 19 cm aYogyakarta :bKanisius,c1995 a664 a664 DJA i a979-497-496-X 4aIkan Asin a0630/PP/2024 a0631/PP/2024 a0632/PP/2024